| 000 | 00445nam a2200193Ia 4500 | ||
|---|---|---|---|
| 008 | 240510s9999 xx 000 0 und d | ||
| 020 | _a0001562053809 | ||
| 041 | _aEng | ||
| 082 | _a004.61 | ||
| 082 | _bW35 | ||
| 100 | _aBEHRMANN,NICQLAS | ||
| 245 | 0 | _aWINDOWS 95 FOR NETWORK ADMINISTRATORS | |
| 260 | _bINDIANAPOLIS : NEWRIDERS | ||
| 260 | _c1995 | ||
| 300 | _a408 p. | ||
| 650 | _aWINDOWS:NETWORK | ||
| 942 | _2ddc | ||
| 942 | _cLBK | ||
| 999 |
_c24117 _d24117 |
||
| 945 |
_a1 _bMadushi Gamage _c1 _dMadushi Gamage |
||